000 00502nam a2200169 i 4500
001 57429
003 ES-MaACL
005 20230906163557.0
007 t|
008 031016s1972 sp ||||1| spa d
100 1 _aDorfles, Gillo.
_945398
245 1 0 _aNaturaleza y artificio /
_cGillo Dorfles ; traducción de Alejandro Saderman.
260 _aBarcelona :
_bLumen,
_c[1972]
300 _a280 p., 8 lám. ;
_c19 cm.
700 1 _aSaderman, Alejandro.
_9101280
852 _aES-MaACL
_jC-41199
_bR.80071
999 _c57429
_d57429